01068nam a2200289 a 45000010008000000030009000080050017000170070008000340080033000420200018000750400022000930820028001151000026001432450132001692460060003012600044003613000041004056500036004466500023004827000046005057000042005517000038005937000041006317000042006727000038007147100026007520000428DO-SdBNP20240627125150.00000428091125s2010 cl a 000 0 spa d a9789589815601 aBPMSUbspacBPMSU 4a745.5 bC824m 20102221 aCorrea Correa, Javier10a Manitas mágicas /cJavier Correa Correa ; ilustraciones Edgar Humberto Buitrago...[et. al] ; fotografía Enriquez Guzmán 14aManitas mágicas :bplatilina, fomi, globos y origami  aColombia :bContinente editores,c2010. a288 p. :bil. ;c29 cm. e+ CD ROOM  4aTrabajos manuales (Educación) 4a Trabajos en papel1 aÁlvarez, Edgar Humbertoeilustración 1 aÁvila Arevalo, Lydaeilustraciones 1 aBuitrago, Albertoeilustraciones 1 aLópez, Ana Maríaeilustraciones 1 aRodríguez, Andréseilustraciones 1 aGuzmán, Enriquezefotografía 2 aContinente Editories